000
00222nam a2200097Ia 4500
005
20251222114409.0
008
251222s1900||||xx |||||||||||||| ||spa||
082
_a
DVD0070/H41/1995
245
0
_a
Profesor Holland:
942
_c
DVD
999
_c
1949
_d
1949